Dân ca Việt Nam

Enregistré dans:
Détails bibliographiques
Format: Livre
Langue:Undetermined
Publié: Hà Nội Văn hóa 1976
Sujets:
Tags: Ajouter un tag
Pas de tags, Soyez le premier à ajouter un tag!
Thư viện lưu trữ: Trung tâm Học liệu Trường Đại học Cần Thơ
LEADER 00385nam a2200145Ia 4500
001 CTU_9799
008 210402s9999 xx 000 0 und d
082 |a 784.49597 
082 |b C112 
245 0 |a Dân ca Việt Nam 
260 |a Hà Nội 
260 |b Văn hóa 
260 |c 1976 
650 |a folk songs, vietnamese 
980 |a Trung tâm Học liệu Trường Đại học Cần Thơ